Zweiter Weltkrieg Vornamen - Statistiken

Allgemein
  • Dieses Quiz wurde 945 mal gespielt
    922 seit der letzten Aktualisierung
  • Das Durchschnittsergebnis liegt bei 9 aus 18
Antwortstatistiken
Vorname Nachname % Korrekt
Adolf Hitler
99%
Winston Churchill
94%
Joseph Stalin
86%
Heinrich Himmler
81%
Hermann Göring
73%
Charles de Gaulle
68%
Benito Mussolini
65%
Erwin Rommel
63%
Franklin Roosevelt
51%
Karl Dönitz
50%
Wernher von Braun
44%
Robert Oppenheimer
43%
George Patton
21%
Douglas MacArthur
17%
Bernard Montgomery
12%
Chester Nimitz
11%
Hideki Tojo
9%
Kai-Shek Chiang
9%
Keine übereinstimmenden Quizze gefunden
Verteilung der Resultate
Anzahl Personen mit jedem Resultat
Perzentil nach korrekt beantworteten Fragen
Ihre Resultats-Entwicklung
Sie haben dieses Quiz seit der letzten Aktualisierung nicht gespielt